Statistiques concernant Rois et empereurs de France par portraits

Cliquez ici pour prendre le quiz!

Statistiques générales

  • Ce quiz a été pris 149 fois
  • Le résultat moyen est 14 sur 28

Statistiques - réponses

Réponse% Correct
Napoléon Ier
94%
Louis XIV le Roi-Soleil
91%
Henri IV
82%
Louis XVI
81%
Louis XV le Bien-aimé
81%
Henri II
79%
Louis XVIII
79%
Napoléon III
79%
François Ier
78%
Charles Ier le Grand (Charlemagne)
72%
Charles X
72%
Clovis Ier
55%
Louis-Philippe Ier
54%
Louis XII le Père du peuple
53%
Philippe II Auguste
49%
Hugues Capet
43%
Charles VI le Fol
33%
Dagobert Ier
33%
Philippe IV le Bel
31%
Louis IX (Saint Louis)
24%
Louis Ier le Pieux
21%
Philippe III le Hardi
21%
Charles II le Chauve
20%
Jean II le Bon
20%
Lothaire
19%
Louis IV d'Outremer
19%
Louis VII le Jeune
17%
Robert II le Pieux
14%

Distribution des résultats

Percentile par nombre de réponses

% des personnes avec chaque résultat

Votre développement - résultats

Vous n’avez pas pris ce quiz